000 01175nam a22002297a 4500
008 241030t2024 xxk|||||o|||| 00| 0 eng d
020 _a9781783215324
041 _aeng
100 _aCarroll, Mairéad Anne
110 _aRoyal Institution of Chartered Surveyors
245 _aProperty agency and management principles
_h[Electronic resource]
260 _aLondon,
_bRoyal Institution of Chartered Surveyors,
_cOctober 2024
300 _a17p.
490 _aRICS Professional Standard
520 _aSupersedes Real Estate Agency and Brokerage 3rd edition 2016, from 1 January 2025
520 _aThis is a high-level global professional standard that sets out the principles for RICS members and RICS-regulated firms operating in residential, commercial and combined real estate agency and management. This covers: sales; lettings; management; auctioneering
651 _aInternational
690 _aProperty management
_96262
710 _aRoyal Institution of Chartered Surveyors
856 _uhttps://www.rics.org/content/dam/ricsglobal/documents/standards/Property-agency-and-management-principles-1st-edition.pdf
_zAvailable free on RICS.org
942 _n0
999 _c122043
_d122043